CANCIONES: Patricio Rey y sus Redonditos de Ricota - Estadísticas

Estadísticas generales
  • Esta prueba ha sido intentada 97 veces
  • La puntuación promedio es 48 de 104
Estadísticas de respuestas
RESPUESTAS % Correcto
Ji Ji Ji
100%
Motor Psico
83%
Aquella Solitaria Vaca Cubana
80%
Fuegos de Octubre
80%
Semen-Up
80%
La Bestia Pop
77%
La Hija del Fletero
77%
Mi Perro Dinamita
77%
Música para Pastillas
77%
Preso en Mi Ciudad
73%
Todo un Palo
73%
Toxi-Taxi
73%
Una Piba Con la Remera de Greenpeace
73%
Vencedores Vencidos
73%
El Pibe de los Astilleros
70%
Luzbelito y las Sirenas
70%
Masacre en el Puticlub
70%
Nuestro Amo Juega al Esclavo
70%
Tarea Fina
70%
Un Poco de Amor Francés
70%
Ya Nadie Va a Escuchar Tu Remera
70%
La Parabellum del Buen Psicópata
67%
Un Ángel para Tu Soledad
67%
Barbazul Versus el Amor Letal
63%
Divina TV.Führer
63%
El Infierno Está Encantador Esta Noche
63%
Juguetes Perdidos
63%
Me Matan Limón!
63%
Canción para Naufragios
60%
Esa Estrella Era Mi Lujo
60%
Ñam Fri Fruli Fali Fru
60%
Rock para los Dientes
60%
Salando las Heridas
60%
Superlógico
60%
Te Voy a Atornillar
60%
Fusilados por la Cruz Roja
57%
Queso Ruso
57%
Rock para el Negro Atila
57%
Yo No Me Caí del Cielo
57%
Caña Seca y un Membrillo
53%
El Templo de Momo
53%
Mariposa Pontiac - Rock del País
53%
Nueva Roma
53%
Ropa Sucia
53%
Susanita
53%
Todo Preso es Político
53%
Blues de la Artillería
50%
Ella Debe Estar Tan Linda
50%
Etiqueta Negra
50%
Noticias de Ayer
50%
Pierre, El Vitricida
50%
Yo Caníbal
50%
Criminal Mambo
47%
Vamos las Bandas
47%
Héroe del Whisky
43%
Maldición Va a Ser un Día Hermoso
43%
Un Pacman en el Savoy
43%
Blues de la Libertad
40%
Cruz Diablo!
40%
Gualicho
40%
Nadie Es Perfecto
40%
Roto y Mal Parado
40%
¡Es Hora de Levantarse Querido! (¿Dormiste bien?)
37%
Las Increíbles Andanzas del Capitán Buscapina en Cybersiberia
37%
Shopping Disco-Zen
37%
Unos Pocos Peligros Sensatos
37%
Alien Duce
33%
Perdiendo el Tiempo
33%
Buenas Noticias
30%
Espejismo
30%
Estás Frito Angelito
30%
Invocación
30%
La Murga de la Virgencita
30%
Pool, Averna y Papusa
30%
Sheriff
30%
Sushi
30%
El Arte del Buen Comer
27%
El Lobo Caído
27%
Gran Lady
27%
Ladrón de Mi Cerebro
27%
San Telmo
27%
Sorpresa de Shangai
27%
Ella Baila Con Todos
23%
La Murga de los Renegados
23%
Lavi-Rap
23%
Pogo
23%
Botija Rapado
20%
Drogocop
20%
La Dicha No Es una Cosa Alegre
20%
La Pequeña Novia del Carioca
20%
Rock Yugular
20%
Scaramanzia
20%
Soga de Caín
20%
Morta Punto Com
17%
Murga Purga
17%
Nuotatori Professionisti
17%
Rato Molhado
17%
Capricho Magyar
13%
Dr. Saturno
13%
El Árbol del Gran Bonete
13%
Esto Es To-To-Todo Amigos!
13%
Fanfarria del Cabrío
13%
¡Lobo ¿Estás?!
13%
Pensando Como una Acelga
10%
No se encontraron pruebas coincidentes
Distribución de puntuación
Porcentaje de gente con cada puntuación
Porcentaje por número respondido
Historial de tus puntuaciones
No has intentado esta prueba.